Normale Ansicht MARC-Ansicht ISBD

Neue Erkenntnisse nach Unfall mit Waffe. (Titelsatznr. 372053)

[ MARC ]
MARC-Details
000 -Satzkennung
Kontrollfeld mit fester Länge 00869nam a22001937a 4500
008 - Feld mit fester Länge zur physischen Beschreibung - Allgemeine Angaben
Kontrollfeld mit fester Länge 201127b ||||| |||| 00| 0 eng d
040 ## - Katalogisierungsquelle
Original-Katalogisierungsstelle DE-2950
Katalogisierungssprache ger
Übertragungsstelle DE-2950
Beschreibungsfestlegungen rda
041 ## - Sprachcode
Sprachcode des Textes/der Tonspur oder des separaten Titels ger
245 ## - Titel
Haupttitel Neue Erkenntnisse nach Unfall mit Waffe.
Titelzusatz Sicherheit. Nach dem Unfall mit einer Waffe bei der Polizei in der Nuhnenstraße in Frankfurt gibt es neue Erkenntnisse zu dem Vorfall. Durch einen Schuss wurde dort ein Mann verletzt. Was genau passiert ist und welche Regeln Polizeibeamte beachten müssen /
Verantwortlichkeitsangabe Lisa Mahlke
264 ## - Veröffentlichungsangabe, Vertriebsangabe, Herstellungsangabe
Erscheinungs-, Vertriebs-, Herstellungsdatum 2022
653 ## - Lokales Schlagwort
Nicht-normierter Term Frankfurt (Oder)
653 ## - Lokales Schlagwort
Nicht-normierter Term Polizei
653 ## - Lokales Schlagwort
Nicht-normierter Term Dienstunfall
773 ## - Übergeordnete Einheit
Ort, Verlag und Erscheinungsjahr Frankfurt (Oder) Märkisches Verlags- und Druckhaus GmbH & Co KG
Titel Märkische Oderzeitung
Verknüpfungsangaben 33. Jahrgang (2022) Nr. 294 vom 17./18.12.2022, S. 19
942 ## - Zusätzliche Felder (Koha)
Koha-Medientyp Aufsätze
Exemplare
Ausgeschieden Verloren Beschädigt Nicht entleihbar Permanenter Standort Aktueller Standort Aufstellungsort Eingabedatum Anzahl Ausleihen Signatur Letzte Aktivität Preis gültig von Medientyp
        Stadtarchiv Frankfurt (Oder) | Archivbibliothek Stadtarchiv Frankfurt (Oder) | Archivbibliothek Magazin 29/12/2022   Z2 29/12/2022 29/12/2022 Aufsätze